Normal view
MARC view
Entry Personal Name
001 - CONTROL NUMBER
- control field: 13363
003 - CONTROL NUMBER IDENTIFIER
- control field: ARRUPE
005 - DATE AND TIME OF LATEST TRANSACTION
- control field: 20141211123327.0
008 - FIXED-LENGTH DATA ELEMENTS
- fixed length control field: 141211|| aca||aabn | a|a d
040 ## - CATALOGING SOURCE
- Original cataloging agency: ARRUPE
- Transcribing agency: ARRUPE
100 ## - HEADING--PERSONAL NAME
- Personal name: Cowen, Denis V.
- Fuller form of name: (Denis Victor)
670 ## - SOURCE DATA FOUND
- Source citation: Work cat.: (ARRUPE)0: Cowen, Denis V. (Denis Victor), Constitution-making for a democracy;, 1960]